000 00815nam a2200205Ia 4500
001 4432
003 GE_BSU
008 181216s||||||||xx |||||||||||||| ||und||
040 _cGE_BSU
080 _a531.01(07)
245 _aსაკურსო სამუშაოების მოცემულობანი თეორიულ მექამიკაში.
245 _b(დინამიკა).
245 _cშემდგ. ა. შარანგია. რედ. ე. კირვალიძე.
260 _aთბილისი
260 _bსპი
260 _c1972
300 _a57 გვ. 20 სმ.
653 _aსაკურსო სამუშაოების მოცემულობანი თეორიულ მექამიკაში.
942 _cBK
999 _c38421
_d38421